000 00927cam a2200277 i 4500
001 65171
003 Mx-PuUPA
005 20220513133149.0
008 050118s2019 nyu gr 001 0 eng d
020 _a9780815352396 (pbk)
040 _aMx-PuUPA
_bspa
_cMx-PuUPA
_dMx-PuUPA
_erda
041 0 _aeng
100 1 _aHolliday, Adrian,
_eautor
245 1 0 _aUnderstanding intercultural communication :
_hnegotiating a grammar of culture /
_cAdrian Holliday
250 _aSecond edition
264 0 _aNew York, NY :
_bRoutledge,
_c©2019
300 _ax, 193 páginas ;
_c24 cm
336 _2rdacontent
_atexto
_btxt
337 _2rdamedia
_asin medio
_bn
338 _2rdacarrier
_avolumen
_bnc
650 4 _aComunicación intercultural
_2armarc
942 _2ddc
_cLI
_h303.482
_iH722
999 _c65171
_d65171